000
00289nam a2200097Ia 4500
008
220120s9999||||xx |||||||||||||| ||und||
100
_a
Bharath Kumar and others
_9
12578
245
0
_a
Video conferencing
260
_a
Coorg Institute of Technology
_b
Ponnampet
_c
2015
650
_a
COMPUTER SCIENCE
999
_c
138176
_d
138176